[Event "FRA-chT4 0304"]
[Site "Champagne Ardenne"]
[Date "2004.02.01"]
[Round "5"]
[White "Carniol, Thomas"]
[Black "Belloy, Julien"]
[Result "1/2-1/2"]
[WhiteElo "2104"]
[BlackElo "1990"]
[PlyCount "60"]
[EventDate "2003.10.??"]
[EventRounds "6"]
[EventCountry "FRA"]
[SourceTitle "EXT 2005"]
[Source "ChessBase"]
[SourceDate "2004.11.15"]
[SourceVersion "1"]
[SourceVersionDate "2004.11.15"]
[SourceQuality "1"]

1. Nf3 Nf6 2. c4 c5 3. e3 Nc6 4. d4 cxd4 5. exd4 d5 6. Nc3 Bg4 7. cxd5 Nxd5 8. Qb3 Bxf3 9. gxf3 Nb6 10. Be3 e6 11. 0-0-0 Be7 12. d5 exd5 13. Nxd5 Nxd5 14. Qxd5 Qxd5 15. Rxd5 Rd8 16. Rxd8+ Kxd8 17. Bc4 Ne5 18. Rd1+ Kc7 19. Bd5 Rd8 20. f4 Nc6 21. Bxf7 Rxd1+ 22. Kxd1 Bf6 23. b3 a6 24. Kd2 b5 25. Bg8 h6 26. Bh7 Kd6 27. Be4 Bb2 28. Bxc6 Kxc6 29. Kd3 Kd5 30. f3 Bf6 1/2-1/2

[Event "FRA-chT4 0304"]
[Site "Champagne Ardenne"]
[Date "2004.01.18"]
[Round "4"]
[White "Carniol, Jean Louis"]
[Black "Carniol, Thomas"]
[Result "1/2-1/2"]
[WhiteElo "1980"]
[BlackElo "2104"]
[PlyCount "248"]
[EventDate "2003.10.??"]
[EventRounds "6"]
[EventCountry "FRA"]
[SourceTitle "EXT 2005"]
[Source "ChessBase"]
[SourceDate "2004.11.15"]
[SourceVersion "1"]
[SourceVersionDate "2004.11.15"]
[SourceQuality "1"]

1. e4 c5 2. Nc3 Nc6 3. d3 g6 4. g3 Bg7 5. Bg2 d6 6. f4 e6 7. Nf3 Nge7 8. 0-0 0-0 9. Be3 Nd4 10. Bf2 Rb8 11. Rb1 b5 12. Ne2 Nxf3+ 13. Bxf3 Qc7 14. g4 f5 15. h3 Bb7 16. Bg3 Qa5 17. a3 b4 18. Be1 Nc6 19. axb4 Nxb4 20. c3 Nc6 21. b4 cxb4 22. cxb4 Qa3 23. e5 Nxe5 24. fxe5 Bxe5 25. Bxb7 Rxb7 26. Qb3 Qxb3 27. Rxb3 a5 28. d4 Bg7 29. Bc3 axb4 30. Rxb4 Rfb8 31. Rfb1 Rxb4 32. Rxb4 Rxb4 33. Bxb4 fxg4 34. hxg4 d5 35. g5 h6 36. gxh6 Bxh6 37. Kg2 Kf7 38. Bd6 Kf6 39. Kf3 Kf7 40. Kg4 Be3 41. Bf4 Bf2 42. Kg5 Kg7 43. Be5+ Kf7 44. Nf4 Be3 45. Kg4 Bd2 46. Nh3 Be3 47. Ng5+ Ke7 48. Nf3 Kf7 49. Bf4 Bf2 50. Kg5 Kg7 51. Be5+ Kf7 52. Kg4 Be3 53. Ne1 Bd2 54. Nd3 Be3 55. Kf3 Bd2 56. Bf4 Bc3 57. Be3 Ba5 58. Ne5+ Kf6 59. Kg4 Kg7 60. Nc6 Bc7 61. Kg5 Bb6 62. Bf4 Kf7 63. Be5 Ke8 64. Kxg6 Kd7 65. Nb4 Bd8 66. Kf7 Bb6 67. Nd3 Ba7 68. Nf4 Bxd4 69. Bxd4 e5 70. Bxe5 Kc6 71. Ke6 d4 72. Bxd4 Kb7 73. Kd7 Ka8 74. Kc6 Kb8 75. Bb6 Ka8 76. Nd5 Kb8 77. Nc7 Kc8 78. Bc5 Kb8 79. Nd5 Ka8 80. Nc7+ Kb8 81. Bb6 Kc8 82. Ba7 Kd8 83. Nd5 Kc8 84. Nb6+ Kd8 85. Kd6 Ke8 86. Ke6 Kd8 87. Bb8 Ke8 88. Bc7 Kf8 89. Be5 Ke8 90. Bf6 Kf8 91. Nd7+ Ke8 92. Ne5 Kf8 93. Kf5 Ke8 94. Ke6 Kf8 95. Ng4 Ke8 96. Bg5 Kf8 97. Bf6 Ke8 98. Ne5 Kf8 99. Kd7 Kg8 100. Ke7 Kh7 101. Bg5 Kg7 102. Ke6 Kf8 103. Kd7 Kg7 104. Ke8 Kg8 105. Ng4 Kg7 106. Ne5 Kg8 107. Ke7 Kg7 108. Ke8 Kg8 109. Bf6 Kh7 110. Bg5 Kg7 111. Kd7 Kf8 112. Bf6 Kg8 113. Ke8 Kh7 114. Bg5 Kg8 115. Ke7 Kg7 116. Ke6 Kf8 117. Bf6 Ke8 118. Nc6 Kf8 119. Nd4 Ke8 120. Nb5 Kf8 121. Nc7 Kg8 122. Nb5 Kf8 123. Nd6 Kg8 124. Ke7 Kh7 1/2-1/2

[Event "FRA-chT4 0203"]
[Site "Champagne Ardenne"]
[Date "2003.03.16"]
[Round "6"]
[White "Charles, Philippe"]
[Black "Carniol, Thomas"]
[Result "1-0"]
[WhiteElo "2150"]
[BlackElo "2109"]
[PlyCount "93"]
[EventDate "2002.10.02"]
[EventType "team"]
[EventRounds "7"]
[EventCountry "FRA"]
[SourceTitle "EXT 2005"]
[Source "ChessBase"]
[SourceDate "2004.11.15"]
[SourceVersion "1"]
[SourceVersionDate "2004.11.15"]
[SourceQuality "1"]

1. d4 Nf6 2. Nf3 g6 3. c4 Bg7 4. Nc3 0-0 5. e4 d6 6. h3 e5 7. d5 c6 8. Bd3 cxd5 9. cxd5 Nh5 10. g4 Nf4 11. Bxf4 exf4 12. Qd2 Nd7 13. Qxf4 Ne5 14. Nxe5 Bxe5 15. Qe3 Qf6 16. Bc2 Bf4 17. Qd3 Bd7 18. Rb1 a6 19. a4 Qh4 20. Ne2 Be5 21. Ng3 Rac8 22. Kf1 h5 23. gxh5 Bxh3+ 24. Ke1 Qg4 25. Bd1 Qd7 26. Qe3 Bg4 27. hxg6 fxg6 28. Qg5 Bxd1 29. Qxg6+ Qg7 30. Qe6+ Qf7 31. Rxd1 Qxe6 32. dxe6 Rf6 33. e7 Bxg3 34. Rg1 Re8 35. Rxg3+ Kf7 36. Rgd3 Rxe7 37. f3 Rc7 38. R1d2 Ke7 39. Ke2 Rh6 40. Ke3 Rc4 41. Rb3 Rc7 42. Rb6 Re6 43. Rh2 Kd7 44. f4 Re7 45. Kd4 Rf7 46. f5 Ke7 47. Rh6 1-0

[Event "Besancon op"]
[Site "Besancon"]
[Date "1998.??.??"]
[Round "?"]
[White "Carniol, Thomas"]
[Black "Miezis, Normunds"]
[Result "0-1"]
[WhiteElo "2030"]
[BlackElo "2505"]
[PlyCount "53"]
[EventDate "1998.??.??"]
[EventType "swiss"]
[EventRounds "7"]
[EventCountry "FRA"]
[SourceTitle "EXT 1999"]
[Source "ChessBase"]
[SourceDate "1998.11.16"]
[SourceVersion "1"]
[SourceVersionDate "1998.11.16"]
[SourceQuality "1"]

1. e4 c5 2. d3 Nc6 3. g3 d6 4. Bg2 e5 5. Ne2 g6 6. c4 Bg7 7. Nbc3 a6 8. a3 Rb8 9. Rb1 b5 10. cxb5 axb5 11. b4 Ba6 12. Be3 Nd4 13. Nd5 Nf6 14. Nec3 Nxd5 15. Nxd5 0-0 16. 0-0 f5 17. f4 fxe4 18. Bxe4 exf4 19. Rxf4 Rxf4 20. Bxf4 Ne6 21. Be3 Kh8 22. Qd2 Rc8 23. Kh1 Bb7 24. Rf1 c4 25. Bh6 Bxh6 26. Qxh6 Qg5 27. Qh3 0-1